004670000a2200073000450024500410000030000520004152002510009377300490034410aEl Salvador educa para el desarrollo aVol.0, núm.8 (Enero-marzo, 2007), Página 18 aHace más de una década, un exitoso proceso de paz le enseñó la importancia del diálogo. En 2006 la lección se volcó hacia la educación, con una consulta y un plan decenal que propugnan por el avance tecnológico desde las aulas.0 tEducación superior : Boletín informativo